000 00551nam a2200181Ia 4500
999 _c23259
_d23259
003 OSt
005 20200214092942.0
008 190216s9999||||xx |||||||||||||| ||und||
020 _a9788182715363
040 _coclc
082 _a297
_bTHY/A
100 _aThymiya, Imam Shaikhul Islam Ibnu
_91964
245 0 _aAllahuvinte Auliyakkal /
_cImam Shaikhul Islam Ibnu Thymiya
260 _bIslamic Publishing House,
_c2010.
_aKozhikode:
300 _a119p
650 _aIslamic History
942 _cBK
_2ddc
_h297
_iTHY/A
_k297
_mTHY/A